Les Pierre célèbres - Statistiques

Statistiques générales
  • Ce quiz a été pris 186 fois
    115 depuis la dernière actualisation
  • Le résultat moyen est 11 sur 36
Statistiques - réponses
Indice Initiale Nom % Correct
Humoriste 1968 P Palmade
64%
Chanteur 1934 P Perret
64%
Couturier 1922-2020 C Cardin
63%
Physicien 1859-1906 C Curie
63%
Acteur 1989 N Niney
60%
Chanteur 1944-2005 B Bachelet
59%
Humoriste 1939-1988 D Desproges
57%
Acteur 1944 A Arditi
53%
Pâtissier 1961 H Hermé
51%
Animateur 1929-2018 B Bellemarre
47%
Politicien 1907-1982 MF Mendès-France
47%
Politicien 1928-2013 M Mauroy
41%
Acteur 1934 R Richard
41%
Humoriste 1893-1975 D Dac
39%
Politicien 1925-1993 B Bérégovoy
38%
Ecrivain 1606-1684 C Corneille
35%
Peintre 1919-2022 S Soulages
28%
Editeur 1817-1875 L Larousse
25%
Acteur 1905-1972 B Brasseur
23%
Ecrivain 1912-1994 B Boulle
22%
Poète 1524-1585 R de Ronsard
22%
Réalisateur 1928-2016 T Tchernia
20%
Politicien 1934 J Joxe
18%
Acteur 1925-2012 M Mondy
16%
Réalisateur 1927-2007 GD Granier-Deferre
15%
Chanteur 1937-2014 V Vassiliu
15%
Acteur 1897-1975 F Fresnay
14%
Compositeur 1925-2016 B Boulez
13%
Résistant 1903-1944 B Brossolette
13%
Ecrivain 1850-1923 L Loti
13%
Politicien 1916-2007 M Messmer
13%
Acteur 1930-2012 T Tornade
11%
Journaliste 1932 B Bonte
10%
Cuisinier 1928-2020 T Troisgros
9%
Chansonnier 1941 D Douglas
6%
Acteur 1938 S Santini
3%
Aucun quiz correspondant
Distribution des résultats
% des personnes avec chaque résultat
Percentile par nombre de réponses
Votre historique - résultats
Vous n’avez pas pris ce quiz depuis la dernière actualisation